01509nas a2200481 4500001001300000003000900013005001700022007000300039008003400042040005400076041000900130072000800139100002000147100001700167100001600184100001600200100002000216100002000236245004500256650001400301650002100315650001300336650002000349650001900369650002000388650001700408650002300425650002500448650002300473650002000496650003000516650001700546650001300563650000900576650002000585650001300605650001900618773015600637909004000793942001800833999001900851952015700870BR2012001149BR-BrBNA20231205120159.0ta230509b bl.|||p| |||| 00| 00por d aBR-BrBNAbporcBiblioteca Nacional de Agricultura a(Pt) aF011 aPereira, M.C.T.1 aNietsche, S.1 aCosta, M.R.1 aCrane, J.H.1 aCorsato, C.D.A.1 aMizobutsi, E.H.1 aAnonáceas: pinha, atemóia e graviola aATEMÓIA aANNONA CHERIMOLA aGRAVIOLA aANNONA MURICATA aFRUTA DE CONDE aANNONA SQUAMOSA aFRUTICULTURA aPRÁTICA CULTURAL aPRODUÇÃO VEGETAL aDOENÇA DE PLANTA aPRAGA DE PLANTA aPROPAGAÇÃO VEGETATIVA aPRODUÇÃO aECONOMIA aPODA aPOLINIZAÇÃO aCOLHEITA aPÓS-COLHEITA0 tInforme Agropecuário - Empresa de Pesquisa Agropecuária de Minas Gerais (Brazil)xISSN 0100-3364g(Sep-Oct 2011), v. 32(264) p. 26-34wBR2012001149 a202311bLúciac55dLúcia Elande 2AGRISn0cANA c217338d217338 002AGRIS4071a41918b41918cPeriódicos Agrícolash(Sep-Oct 2011), v. 32(264) p. 26-34l0r2023-11-29t01yCRePortaria Interministerial nº 164/94